Дело по отношению товарища министра иностранных дел о доставлении сведения касательно сочинения управляющего Неаполитанским Мини...

Доступно только в Электронных читальных залах Найти на картеНа карте
RUSMARC
00004380nmc2a22002653x 450
001de83987c-c4b7-4877-b7b9-7286548d47bc
00520250624024549.0
100##$a20250114l18571858k l0rusy0189 ca
1010#$arus
102##$aRU
105##$ay###
1222#$ad
2001#$aДело по отношению товарища министра иностранных дел о доставлении сведения касательно сочинения управляющего Неаполитанским Министерством внутренних дел Биакини, которое автор просит поднести императору
$j4 декабря 1857 г. - 7 апреля 1858 г.
215##$a8 л.
$d36,5х26 см
251##$cДело
300##$aНа обложке указано: "№164"
300##$aОриг. заголовок дела: Дело по отношению товарища министра иностранных дел о доставлении сведения касательно сочинения управляющего Неаполитанским министерством внутренних дел Бианкини, которое автор просит поднести государю императору. 4 декабря 1857 г. - 7 апреля 1858 г
371##$aДокумент не является опубликованным и широко распространяемым
461#0$10012b5b8419-5ce4-4d16-a7a3-85720a295f1f
$12001
$aКанцелярия министра народного просвещения
$1251
$cФонд
$1852
$j735
462#0$1001e5828e33-5c3d-47b3-8ecf-3a6cb46adc06
$12001
$aКанцелярия министра народного просвещения
$1251
$cОпись
$1852
$j5
5171#$aДело по отношению товарища министра иностранных дел о доставлении сведения касательно сочинения управляющего Неаполитанским министерством внутренних дел Бианкини, которое автор просит поднести государю императору. 4 декабря 1857 г. - 7 апреля 1858 г
801#0$aRU
$bРГИА
$c20250114
$gRCR
801#1$aRU
$bГлавНИВЦ
$c20250114
$2rusmarc
801#2$aRU
$bПБ им. Б.Н. Ельцина
$c20250624
$gRCR
$2rusmarc
850##$aРГИА
852##$aРГИА
$eФедеральное казенное учреждение "Российский государственный исторический архив" (РГИА)
$j96
937##$hРГИА
$d12422656
$aASBIBLIO_SCAN
035##$aRusGRCC00083580
856##$uhttp://readingroom.main.prlib.ru/item.aspx?id_node=n196930301&mode=full
Формат отображения